000 01437nam a22004097a 4500
001 000095515
003 CHAP
005 20220329143113.0
008 060331d2005 mx r 00110 spa d
010 _a91981
011 _a92953
035 _a103520
040 _cCHAP
090 _aTesis
100 1 _aArredondo Rosales, Juan.
_97415
245 1 3 _aEl programa de desarrollo de capacidades en el medio rural (PRODESC) en Tlaxcala /
_c/por Juan Arrendondo Rosales.
260 _aChapingo, Méx. :
_bEl autor,
_c2005.
300 _a136 h. :
_banexos.
502 _aTesis (M. C. en Sociología Rural) - - UACH. Departamento de Sociología Rural
590 _aALEPH
_b10
_c20130110
_lUCH01
_h1511
590 _aBATCH-UPD
_b10
_c20130110
_lUCH01
_h0536
590 _aBATCH-UPD
_b10
_c20130110
_lUCH01
_h2241
590 _aBATCH-UPD
_b10
_c20130410
_lUCH01
_h0216
590 _aBATCH-UPD
_b10
_c20130914
_lUCH01
_h0401
590 _aCONVERSION
_b10
_c20130109
_lUCH01
_h1351
590 _aE11695DGD
_b10
_c20130530
_lUCH01
_h1431
590 _aE11695DGD
_b10
_c20130530
_lUCH01
_h1431
650 0 4 _aDesarrollo rural.
_932067
650 0 4 _aProgramas de capacitación.
_992376
650 0 4 _aTlaxcala
_xCondiciones rurales.
_9113469
901 _aBK
905 _aLilia
942 _cFOLL
942 _n0
949 _aTesis
_bBC
_cTES
_d00000001035201
_eTS1
_h45029
_i103520
_sb
949 _aTesis
_bBC
_cTES
_d33724000983995
_eTS2
_fc.2
_h45030
_i103520
_sb
999 _c91981
_d91981